Moravská šlechta na přelomu 19. a 20. století

Titel: Moravská šlechta na přelomu 19. a 20. století
Verfasser:
In: JUDr. Václav Kounic a jeho doba, (2009), Seite 165-182
alle Artikel anzeigen
Veröffentlicht: 2009
Format: Aufsatz
Sprache: Tschechisch
Kein Bild verfügbar
X
alg: 39341472
001A    $01999:12-11-16 
001B    $01999:28-04-17 $t15:50:49.000 
001D    $01999:12-11-16 
001U    $0utf8 
001X    $00 
002@    $0Aox 
003@    $0393414728 
007A    $0393414728 $aHEB 
007T    $0Herdpp153496 
010@    $acze 
011@    $a2009 
021A    $aMoravská šlechta na přelomu 19. a 20. století 
028A    $aKrejčík $dTomáš 
031A    $h165-182 $j2009 
037A    $aRés. něm. s. 181-182: Der mährische Adel an der Wende des 19. und 20. Jahrhunderts 
039B    $aIn $8--Aau--. JUDr. Václav Kounic a jeho doba. - Vyd. 1.. - Brno : Matice Moravská {[u.a.], 2009. - 359, XLVIII S.. - Ill.. - ISBN 978-80-86488-61-5 $x200900000000000835 $9245963596 

lok: 39341472 78

exp: 39341472 78 1 #EPN
201B/01 $028-05-18 $t22:45:51.000 
201U/01 $0utf8 
203@/01 $078952516X 
208@/01 $a12-11-16 $be 
209A/01 $a/ $f000 $x00 
220C/01 $aHerkunft: Hú Av Čr Praha 
244Z/01 $#Tschechien $#Tschechische Republik $#Tschechische Republik $#Tschechenland $#Tschechei Tschechien $#Česká Republika $#Czech Republic $#ČR $74303381-7 $8--Tg1--Tschechien $x01 $9086659812 
244Z/01 $2Trx $#Böhmen $#Bohemia $#Czechy $8--Trx--Čechy $x02 $9391188941 
244Z/01 $#Mähren $#Markgrafschaft Mähren $#Kronland Mähren $#Morava $#Markrabství Moravské $#Moravia $#Mehren $#מעהרין $#מדינת מעהרין $74074432-2 $8--Tg1--Mähren $x03 $9085209619 
244Z/01 $aGeschichte 1888-1914 $x04 
244Z/01 $2Trx $#aadel Böömimaa $#Čekijos bajorai $#gentry Bohemia $#nemesség Bohémia $#szlachta Czechy $#šľachta Čechy $#šlechta Čechy $8--Trx--Adel$gBöhmen $x05 $9391368141 
244Z/01 $2Trx $8--Trx--Einzelbeiträge $x06 $9391384570 
247C/01 $82080>Marburg/Lahn, Herder-Institut, Forschungsbibliothek, Bibliographieportal $9336309341
LEADER 00000caa a22000002c 4500
001 393414728
003 DE-603
005 20170428155049.0
007 tu
008 161112s2009 xx |||| | u00||u|cze c
035 |a (DE-599)HEB393414728 
040 |a DE-603  |b ger  |c DE-603  |d DE-603 
041 |a cze 
100 1 |a Krejčík, Tomáš 
245 0 0 |a Moravská šlechta na přelomu 19. a 20. století 
264 0 |c 2009 
500 |a Rés. něm. s. 181-182: Der mährische Adel an der Wende des 19. und 20. Jahrhunderts 
773 0 8 |i In  |t JUDr. Václav Kounic a jeho doba  |b Vyd. 1.  |d Brno : Matice Moravská ˜[u.a.], œ2009  |h 359, XLVIII S., Ill.  |z 9788086488615  |z 8086488616  |g (2009), Seite 165-182  |w (DE-603)245963596 
924 0 |9 2080  |a (DE-603)78952516X  |b DE-2080  |c HES  |d d  |g /